02307nam a2200301 a 450000100100000000500170001000800410002704000250006808200210009310000280011424000420014224501360018426000610032030000410038150000340042250000730045650400310052950504990056053400270105965100890108691000370117595201340121295201340134695201340148095201840161495201900179899900170198800002140820240422101417.0100907s1989 dr abc 000 0 spa d aDO-SdBNPbspacBNPHU a972.93052bC146i1 aCalder, Bruce J.94467013aThe impact of interventionlespañol13aEl impacto de la intervención :bla República Dominicana durante la ocupación norteamericana de 1916-1924 /cBruce J. Calder. aSanto Domingo :bFundación Cultural Dominicana,c1989. a405 p. :bil., map., retr. ;c24 cm. aIncluye índice alfabético aIncluye referencias bibliográficas y notas al pie de las páginas aBibliografías p. 373-3850 aComienza la ocupación: 1916 --tLa economía política del gobierno militar I --tLa economía política del gobierno militar II --tEl gobierno militar, la industria azucarera y las cuestiones de la tierra --tGuerra de guerrillas en el Este: orígenes --tGuerra de guerrillas en el Este: los primeros años --tGuerra de guerrillas en el Este: estancamiento y resolución --tLa campaña nacionalista para el retiro 1917-1921 --tLa campaña nacionalista para el retiro 1921-1924. aTraducido del inglés 0aRepública Dominicana --xHistoria --yOcupación norteamericana, 1916-1924 91926 aValidado. Control de calidad MFF 001054708DSaGRbGRcHDd2010-09-07iLF1l0o972.93052 C146ip21408-30r2020-06-25te. 3w2020-06-25yLFDSZPréstamo en sala 001054708DSaGRbGRcHDd2010-09-07iLF1l0o972.93052 C146ip21408-40r2020-06-25te. 4w2020-06-25yLFDSZPréstamo en sala 001154708DSaGRbGRcMId2011-08-23iLF1l0o972.93052 C146ip21408-50r2020-06-25te. 5w2020-06-25yLFDSZPréstamo en sala 0010718PDaPDbPDcHDd2010-09-07iLF1l0o972.93052 C146ip21408-10r2020-06-25w2020-06-25yLFPDzPerteneció a la biblioteca personal de Germán Emilio Ornes.ZNo se presta 0010718PDaPDbPDcHDd2010-09-07iLF1l0o972.93052 C146ip21408-20r2020-06-25te. 2w2020-06-25yLFPDzPerteneció a la biblioteca personal de Germán Emilio Ornes.ZNo se presta c20908d20908